<?xml version="1.0" encoding="UTF-8"?>
<record
    xmlns:xsi="http://www.w3.org/2001/XMLSchema-instance"
    xsi:schemaLocation="http://www.loc.gov/MARC21/slim http://www.loc.gov/standards/marcxml/schema/MARC21slim.xsd"
    xmlns="http://www.loc.gov/MARC21/slim">

  <leader>02473nam a22002894a 4500</leader>
  <controlfield tag="003">BOLpUSFA</controlfield>
  <controlfield tag="005">20260416151723.0</controlfield>
  <controlfield tag="008">      t        bo     grm    001 | spa||</controlfield>
  <datafield tag="040" ind1=" " ind2=" ">
    <subfield code="a">BOLpUSFA</subfield>
  </datafield>
  <datafield tag="041" ind1=" " ind2=" ">
    <subfield code="a">spa</subfield>
  </datafield>
  <datafield tag="044" ind1=" " ind2=" ">
    <subfield code="a">BO</subfield>
  </datafield>
  <datafield tag="082" ind1=" " ind2=" ">
    <subfield code="a">ADM0019</subfield>
    <subfield code="b">H874e PG</subfield>
  </datafield>
  <datafield tag="100" ind1=" " ind2=" ">
    <subfield code="a">Huanca Burgos, Isabel Bautista</subfield>
  </datafield>
  <datafield tag="245" ind1=" " ind2=" ">
    <subfield code="a">Estudio de factibilidad para la creaci&#xF3;n de una Empresa Comercializadora de Calzado Brasilero para damas en el &#xE1;rea urbana de Tupiza</subfield>
  </datafield>
  <datafield tag="260" ind1=" " ind2=" ">
    <subfield code="a">Tupiza: </subfield>
    <subfield code="b">Universidad Privada San Francisco de As&#xED;s. Carrera de Administraci&#xF3;n de Empresas, </subfield>
    <subfield code="c">2025</subfield>
  </datafield>
  <datafield tag="300" ind1=" " ind2=" ">
    <subfield code="a">367 p.</subfield>
  </datafield>
  <datafield tag="502" ind1=" " ind2=" ">
    <subfield code="a">Modalidad: Proyecto de Grado - 
Tutor: Lic. M&#xF3;nica Roxana Maldonado Arana</subfield>
  </datafield>
  <datafield tag="520" ind1=" " ind2=" ">
    <subfield code="a">Este proyecto de estudio de factibilidad propone la creaci&#xF3;n de la empresa 
&#x201C;Tacones  de  Brasil  &amp;  Claris&#x201D;  en  el  municipio  de  Tupiza,  orientada  a  la 
comercializaci&#xF3;n de calzados brasileros dirigidos al p&#xFA;blico femenino. A partir del 
an&#xE1;lisis de mercado se identific&#xF3; una demanda insatisfecha y la preferencia de 
las consumidoras por calzados de mayor calidad, variedad de dise&#xF1;os y precios 
accesibles, lo que evidencia una oportunidad competitiva frente a la oferta local 
existente. 

El estudio t&#xE9;cnico determin&#xF3; la capacidad de instalaci&#xF3;n y los procesos 
operativos  adecuados  con  las  caracter&#xED;sticas  que  el  segmento  requiere  de 
acuerdo  a  las  encuestas,  mientras  que  el  an&#xE1;lisis  legal  confirm&#xF3;  la  viabilidad 
normativa  del  emprendimiento  contando  con  todos  los  requisitos  legales  que 
como  empresa  debe  cumplir.  De  igual  manera,  la  estructura  organizacional 
propuesta garantiza eficiencia administrativa con manuales y pol&#xED;ticas de funci&#xF3;n 
en base a sus objetivos empresariales. El estudio financiero refleja indicadores 
favorables como un VAN positivo y una TIR superior a la tasa de descuento que 
demuestran la rentabilidad del negocio en distintos escenarios. En conclusi&#xF3;n, la 
empresa se presenta como una alternativa innovadora, formal y confiable, capaz 
de  satisfacer  las  necesidades  del  mercado  local  y  proyectarse  como  un 
emprendimiento sostenible a mediano plazo y largo plazo. 
   
 
 
</subfield>
  </datafield>
  <datafield tag="650" ind1=" " ind2=" ">
    <subfield code="a">Administraci&#xF3;n de Empresas</subfield>
  </datafield>
  <datafield tag="650" ind1=" " ind2=" ">
    <subfield code="a">Proyecto de Grado</subfield>
  </datafield>
  <datafield tag="650" ind1=" " ind2=" ">
    <subfield code="a">Estudio de factibilidad</subfield>
  </datafield>
  <datafield tag="650" ind1=" " ind2=" ">
    <subfield code="a">Empresa calzados</subfield>
  </datafield>
  <datafield tag="650" ind1=" " ind2=" ">
    <subfield code="a">Comercializaci&#xF3;n</subfield>
  </datafield>
  <datafield tag="651" ind1=" " ind2=" ">
    <subfield code="a">Potos&#xED;</subfield>
  </datafield>
  <datafield tag="651" ind1=" " ind2=" ">
    <subfield code="a">Tupiza</subfield>
  </datafield>
  <datafield tag="942" ind1=" " ind2=" ">
    <subfield code="2">ddc</subfield>
    <subfield code="c">TE</subfield>
    <subfield code="z">LLO</subfield>
  </datafield>
  <datafield tag="999" ind1=" " ind2=" ">
    <subfield code="c">9706</subfield>
    <subfield code="d">9706</subfield>
  </datafield>
  <datafield tag="952" ind1=" " ind2=" ">
    <subfield code="0">0</subfield>
    <subfield code="1">0</subfield>
    <subfield code="2">ddc</subfield>
    <subfield code="4">0</subfield>
    <subfield code="7">0</subfield>
    <subfield code="8">2</subfield>
    <subfield code="a">BTZ</subfield>
    <subfield code="b">BTZ</subfield>
    <subfield code="c">3</subfield>
    <subfield code="d">2026-04-16</subfield>
    <subfield code="e">4</subfield>
    <subfield code="l">0</subfield>
    <subfield code="o">ADM0019 H874e PG</subfield>
    <subfield code="p">BTZ00913</subfield>
    <subfield code="r">2026-04-16</subfield>
    <subfield code="w">2026-04-16</subfield>
    <subfield code="y">TE</subfield>
  </datafield>
</record>
